Library Logo

Pioneer International University Library Catalogue

Mashetani wa Alepo / (Record no. 9323)

MARC details
000 -LEADER
fixed length control field 00364cam a22001457i 4500
005 - DATE AND TIME OF LATEST TRANSACTION
control field 20250901165807.0
008 - FIXED-LENGTH DATA ELEMENTS--GENERAL INFORMATION
fixed length control field 161108s2015 ke 000 1 swa
010 ## - LIBRARY OF CONGRESS CONTROL NUMBER
LC control number 2015333916
020 ## - INTERNATIONAL STANDARD BOOK NUMBER
International Standard Book Number 9789966510433
050 00 - LIBRARY OF CONGRESS CALL NUMBER
Classification number PL 8704 .O43 2015
100 1# - MAIN ENTRY--PERSONAL NAME
Personal name Olali, Tom.
245 10 - TITLE STATEMENT
Title Mashetani wa Alepo /
Statement of responsibility, etc. Tom Olali.
300 ## - PHYSICAL DESCRIPTION
Extent v, 301 pages ;
Dimensions 18 cm
942 ## - ADDED ENTRY ELEMENTS (KOHA)
Source of classification or shelving scheme Library of Congress Classification
Holdings
Withdrawn status Lost status Source of classification or shelving scheme Damaged status Not for loan Collection Home library Current library Shelving location Date acquired Source of acquisition Total checkouts Full call number Barcode Date last seen Date last checked out Price effective from Koha item type
    Library of Congress Classification       Main Library Main Library   03/20/2025 Donation from KICD 1 PL 8704 .O43 2015 PIUD0000216 03/24/2025 03/24/2025 03/20/2025 Books
    Library of Congress Classification       Main Library Main Library   03/20/2025 Donation from KICD 2 PL 8704 .O43 2015 PSD0166 03/27/2025 03/27/2025 03/20/2025 Books